| 000 | 00182nam a22000737a 4500 | ||
|---|---|---|---|
| 999 |
_c24210 _d24210 |
||
| 003 | Nust | ||
| 005 | 20170526171545.0 | ||
| 008 | 140509b xxu||||| |||| 00| 0 eng d | ||
| 020 | _cAvailable | ||
| 040 |
_aDLC _bDLC _cRCMS |
||
| 082 | _a297 KIA | ||
| 100 |
_aM.Iqbal Kanil _9321 |
||
| 245 |
_aتوحید کے مسائل _cM Iqbal KaniI |
||
| 260 |
_aLahore _bShesh Mahel Road |
||
| 300 |
_a120,p: _bill, _c25,cm. |
||
| 500 | _aUrdu Publication | ||
| 538 | _iShelf # 13, Row # 3, Fiction. | ||
| 650 |
_aIslam _9174 |
||
| 856 | _3Table of Content Only | ||
| 942 |
_2ddc _cFIC |
||